000 01091ngm a22003250a 4500
001 PT16545
003 AR-LpoUNG
005 20210202000213.0
007 vd cvaizq
008 191001s2001||||ag |||||||||||||||||spa d
037 _c$8.30
040 _aAR-LpoUNG
_bspa
_cAR-LpoUNG
_eaacr
041 _aspa
044 _aag
082 0 _a909 532V15
245 1 4 _aLas guerras de religión :
_blas ciudades mercantiles
260 _aBuenos Aires :
_bKalender Video Argentina,
_c2001.
300 _aVHS (56 min.) : son., byn, col.
520 _aEn la segunda mitad del siglo XVI Europa se encontraba marcada por las guerra civiles y por las guerras de la religión. Los pudientes ejercían su privilegio y España Católica e Inglaterra protestante se enfrentaban por controversias de dogmas e interes económicos.
650 4 _aCOMERCIO
650 4 _aESPAÑA
650 4 _aEUROPA
650 4 _aGUERRA CIVIL
650 4 _aREVOLUCION
653 _aVIDEOS
653 _aVIDEOS DIDACTICOS
710 2 _aMetropolitan Museum of Art (New York)
905 _a16545
942 _cVIDEO
999 _c54327
_d54327